000 00666nam a22002177a 4500
999 _c1130
_d1130
003 OSt
005 20240404132031.0
008 160224b xxu||||| |||| 00| 0 eng d
020 _a9789712365140
040 _cLIC
082 _22013
_aDFil 128
_bM11p
100 _93175
_aMaboloc, Christopher Ryan B.
245 _aPhilosophy of man:
_bthe existential drama fundamental topics and thinkers/
_cChristopher Ryan B. Maboloc.
250 _aRevised Edition
260 _aManila:
_bRex Book Store,
_c2013.
300 _axviii, 140 pages;
_c23 cm.
365 _b280.00
_cPhp
500 _aInclude index.
650 0 _93176
_aPhilosophical anthropology
942 _2ddc
_cDFIL